Guess the Pokémon by its Real Counterpart - Statistics

General Stats
  • This quiz has been taken 16 times
  • The average score is 9 of 15
Answer Stats
IRL Pokémon % Correct
Bull Tauros
92%
Apple Applin/Flapple/ Appletun/ Dipplin/ Hydrapple
85%
Ferret Furret
85%
Deer Stantler/Deerling/ Sawsbuck
85%
Whale Wailmer/Wailord/ Cetoddle/ Cetitan
85%
Octopus Octillery/Clobbopus/ Grapploct
77%
Pterosaur Aerodactyl
69%
Cactus Cacnea/Cacturne/ Maractus
62%
Cherry Cherubi/Cherrim
62%
Koala Komala
62%
Platypus Psyduck/Golduck
54%
Plesiosaur Lapras/Arctozolt/ Arctovish
46%
Squid Inkay/Malamar
31%
Bivalve Shellder/Cloyster/ Clamperl
31%
Jackal Riolu/Lucario
15%
No matching quizzes found
Score Distribution
Percent of People with Each Score
Percentile by Number Answered
Your Score History
You have not taken this quiz